header

The stock investor's pocket calculator (Record no. 116014)

MARC details
000 -LEADER
fixed length control field 01940nam a22003374a 4500
082 04 - DEWEY DECIMAL CLASSIFICATION NUMBER
Classification number 332.63/2201513
100 1# - MAIN ENTRY--AUTHOR NAME
Personal name Thomsett, Michael C.
245 14 - TITLE STATEMENT
Title The stock investor's pocket calculator
260 ## - PUBLICATION, DISTRIBUTION, ETC. (IMPRINT)
Place of publication New York :
Name of publisher AMACOM/American Management Association,
Year of publication c2007.
300 ## - PHYSICAL DESCRIPTION
Number of Pages vi, 241 p. :
Other physical details ill.
500 ## - GENERAL NOTE
General note Includes index.
505 0# - FORMATTED CONTENTS NOTE
Formatted contents note Introduction : The basic dollars and cents problem : overcoming the numbers -- Rates of return on investment : what goes in, what comes out -- Returns on capital : putting cash to work -- Leverage and risk analysis : maximizing other people's money -- Long-term trends : patience rewarded -- Core earnings and net worth adjustments : making the numbers real -- Fundamentals : balance sheet tests you need to know -- Fundamentals : operating statement tests you need to know -- Technicals : price and volume calculations -- Combined testing : merging price and financial tests -- Taxation of investments : Uncle Sam's share.
650 #0 - SUBJECT ADDED ENTRY--TOPICAL TERM
Topical Term Investments
Topical Term Investment analysis
Topical Term Business mathematics.
856 40 - ELECTRONIC LOCATION AND ACCESS
Uniform Resource Identifier http://site.ebrary.com/lib/rucke/Doc?id=10196213

No items available.

© 2026 Rongo University
Contact us: librarian | system librarian | Rongo university